|
|
|
|
| LEADER |
01244nam a2200301 a 4500 |
| 001 |
9332 |
| 003 |
BD-DhAAL |
| 008 |
090406r20021946nyua b 001 0 eng d |
| 999 |
|
|
|c 130
|d 130
|
| 010 |
|
|
|a 2008052493
|
| 020 |
|
|
|a 0415078547
|
| 020 |
|
|
|a 9780415078542
|
| 040 |
|
|
|a DLC
|c DLC
|d BD-DhAAL
|
| 082 |
0 |
0 |
|a 190
|2 22
|
| 100 |
1 |
|
|a Russell, Bertrand,
|d 1872-1970.
|9 41343
|
| 245 |
1 |
0 |
|a History of Western philosophy /
|c Bertrand Russell.
|
| 250 |
|
|
|a Gift edition
|
| 260 |
|
|
|a New York :
|b Routledge,
|c c1961 [reprinted 1996, 2002].
|
| 300 |
|
|
|a 842 pages ;
|c 22 cm.
|
| 490 |
0 |
|
|a Routledge classics
|
| 500 |
|
|
|a Originally published: London : George Allen & Unwin, 1946.
|
| 504 |
|
|
|a Includes bibliographical references and index.
|
| 541 |
1 |
|
|a Donated By Akbar Ali Khan
|e 9332, 39217
|
| 650 |
|
0 |
|a Philosophy
|x History.
|9 41344
|
| 852 |
|
|
|a Ayesha Abed Library
|c General Stacks
|
| 942 |
|
|
|2 ddc
|c BK
|
| 952 |
|
|
|0 0
|1 4
|2 ddc
|4 0
|6 190_000000000000000_RUS
|7 0
|9 17639
|a BRACUL
|b BRACUL
|c GEN
|d 2011-07-26
|l 0
|o 190 RUS
|p 3010009332
|r 2011-07-26
|t 1
|w 2011-07-26
|y BK
|x Koha Inventory 2020
|
| 952 |
|
|
|0 0
|1 0
|2 ddc
|4 0
|6 190_000000000000000_RUS
|7 1
|9 71394
|a BRACUL
|b BRACUL
|c AAKC
|d 2022-07-28
|e Donated by Akbar Ali Khan
|l 0
|o 190 RUS
|p 3010039217
|r 2022-07-28
|t 2
|w 2022-07-28
|y BK
|